[Event "Campeonato España Sub 16"]
[Site "Salobreña"]
[Date "2017.07.28"]
[Round "7"]
[White "Martinez Fernandez, Adrian"]
[Black "Guerrero Mendez, Jesus"]
[Result "0-1"]
[Board "17"]
[WhiteClock "1:30"]
[WhiteElo "2111"]
[WhiteCountry "ESP"]
[WhiteFideId "32049048"]
[WhiteEloChange "-14"]
[BlackClock "1:30"]
[BlackElo "1978"]
[BlackCountry "ESP"]
[BlackFideId "22275169"]
[BlackEloChange "14"]

1. f4 {[%clk 1:30:00]} e5 {[%clk 1:28:00]} 2. e4 {[%clk 1:30:00]} Bc5 {[%clk
1:27:00]} 3. Nf3 {[%clk 1:30:00]} d6 {[%clk 1:26:00]} 4. Nc3 {[%clk 1:31:00]} Nf6
{[%clk 1:20:00]} 5. Bc4 {[%clk 1:29:00]} Nc6 {[%clk 1:17:00]} 6. d3 {[%clk
1:28:00]} a6 {[%clk 1:15:00]} 7. f5 {[%clk 1:27:00]} Na5 {[%clk 1:08:00]} 8. Bg5
{[%clk 1:17:00]} Nxc4 {[%clk 1:05:00]} 9. dxc4 {[%clk 1:18:00]} c6 {[%clk
0:59:00]} 10. Qd3 {[%clk 1:15:00]} b5 {[%clk 0:54:00]} 11. a4 {[%clk 1:07:00]}
bxc4 {[%clk 0:53:00]} 12. Qxc4 {[%clk 1:07:00]} Qb6 {[%clk 0:50:00]} 13. Bxf6
{[%clk 1:05:00]} gxf6 {[%clk 0:49:00]} 14. Nd1 {[%clk 0:45:00]} a5 {[%clk
0:48:00]} 15. Nd2 {[%clk 0:38:00]} Rg8 {[%clk 0:43:00]} 16. g3 {[%clk 0:36:00]}
Rb8 {[%clk 0:40:00]} 17. Qb3 {[%clk 0:34:00]} Qa7 {[%clk 0:39:00]} 18. Qf3 {[%clk
0:34:00]} Ba6 {[%clk 0:38:00]} 19. c4 {[%clk 0:28:00]} Bb4 {[%clk 0:36:00]} 20.
Qd3 {[%clk 0:22:00]} d5 {[%clk 0:35:00]} 21. Nc3 {[%clk 0:21:00]} dxc4 {[%clk
0:31:00]} 22. Qf3 {[%clk 0:21:00]} Rd8 {[%clk 0:31:00]} 23. Rd1 {[%clk 0:18:21]}
Rd3 {[%clk 0:30:00]} 24. Qf2 {[%clk 0:18:35]} Bc5 {[%clk 0:30:00]} 25. Qg2 {[%clk
0:18:40]} Qb6 {[%clk 0:27:00]} 26. Ndb1 {[%clk 0:17:47]} Ke7 {[%clk 0:26:00]} 27.
g4 {[%clk 0:13:58]} Rgd8 {[%clk 0:26:00]} 28. Rc1 {[%clk 0:11:41]} Re3+ {[%clk
0:25:00]} 29. Kf1 {[%clk 0:12:08]} Rdd3 {[%clk 0:25:00]} 30. Rc2 {[%clk 0:11:30]}
Qd8 {[%clk 0:21:00]} 31. Nd2 {[%clk 0:09:01]} Bb4 {[%clk 0:19:46]} 32. g5 {[%clk
0:08:35]} Kd7 {[%clk 0:15:16]} 33. gxf6 {[%clk 0:08:17]} Qxf6 {[%clk 0:14:44]}
34. h4 {[%clk 0:03:00]} Qh6 {[%clk 0:14:20]} 35. Qg5 {[%clk 0:02:45]} Qxg5 {[%clk
0:13:41]} 36. hxg5 {[%clk 0:03:14]} Rh3 {[%clk 0:13:38]} 37. Rxh3 {[%clk
0:03:16]} Rxh3 {[%clk 0:14:07]} 38. Kg2 {[%clk 0:03:15]} Rd3 {[%clk 0:12:34]} 39.
Nf3 {[%clk 0:03:37]} Bxc3 {[%clk 0:12:16]} 40. bxc3 {[%clk 0:03:08]} Kd6 {[%clk
0:12:23]} 41. Kg3 {[%clk 0:02:45]} c5 {[%clk 0:12:10]} 42. Rh2 {[%clk 0:02:06]}
Bb7 {[%clk 0:11:51]} 43. Kg4 {[%clk 0:02:32]} Bxe4 {[%clk 0:11:21]} 44. Rh6+
{[%clk 0:02:58]} Ke7 {[%clk 0:11:04]} 45. Nxe5 {[%clk 0:03:10]} Rd1 {[%clk
0:09:20]} 46. Rxh7 {[%clk 0:02:45]} Bd5 {[%clk 0:09:22]} 47. g6 {[%clk 0:01:47]}
Rg1+ {[%clk 0:09:09]} 48. Kf4 {[%clk 0:02:16]} Rf1+ {[%clk 0:08:59]} 49. Kg5
{[%clk 0:02:45]} Rg1+ {[%clk 0:08:50]} 50. Kh6 {[%clk 0:01:06]} Kf6 {[%clk
0:08:44]} 51. Nd7+ {[%clk 0:01:15]} Kxf5 {[%clk 0:07:21]} 52. Rxf7+ {[%clk
0:00:47]} Bxf7 {[%clk 0:07:14]} 53. gxf7 {[%clk 0:01:15]} Rh1+ {[%clk 0:07:24]}
54. Kg7 {[%clk 0:01:41]} Rg1+ {[%clk 0:07:48]} 55. Kh7 {[%clk 0:01:22]} Rh1+
{[%clk 0:07:58]} 56. Kg7 {[%clk 0:01:51]} Rg1+ {[%clk 0:08:17]} 57. Kh8 {[%clk
0:02:16]} Rh1+ {[%clk 0:08:32]} 58. Kg8 {[%clk 0:02:45]} Rg1+ {[%clk 0:08:48]}
59. Kh8 {[%clk 0:03:14]} Rh1+ {[%clk 0:09:04]} 60. Kg8 {[%clk 0:03:43]} Rg1+
{[%clk 0:09:12]} 61. Kf8 {[%clk 0:01:14]} Ke6 {[%clk 0:08:28]} 62. Ke8 {[%clk
0:00:54]} Rf1 {[%clk 0:08:07]} 63. f8Q {[%clk 0:00:49]} Rxf8+ {[%clk 0:08:34]}
64. Nxf8+ {[%clk 0:01:20]} Kd5 {[%clk 0:08:38]} 65. Nd7 {[%clk 0:00:43]} Ke4
{[%clk 0:01:07]} 66. Nxc5+ {[%clk 0:03:25]} Ke3 {[%clk 0:03:05]} 67. Nb7 {[%clk
0:00:33]} Kd3 {[%clk 0:03:17]} 68. Nxa5 {[%clk 0:00:14]} Kxc3 {[%clk 0:02:52]}
69. Nc6 {[%clk 0:02:57]} Kd3 {[%clk 0:00:49]} 70. a5 {[%clk 0:02:57]} c3 {[%clk
0:00:41]} 71. a6 {[%clk 0:02:57]} Kc4 {[%clk 0:00:20]} 72. Ne5+ {[%clk 0:02:57]}
Kd4 {[%clk 0:00:06]} 73. Nf3+ {[%clk 0:02:57]} Ke3 {[%clk 0:00:36]} 74. Ne1
{[%clk 0:02:57]} Kd2 {[%clk 0:01:06]} 75. Nf3+ {[%clk 0:02:57]} Ke3 {[%clk
0:01:36]} 76. a7 {[%clk 0:02:57]} c2 {[%clk 0:02:06]} 77. a8Q {[%clk 0:02:57]}
c1Q {[%clk 0:02:36]} 78. Ne5 {[%clk 0:02:57]} Qc5 {[%clk 0:03:06]} 79. Qf3+
{[%clk 0:02:57]} Kd2 {[%clk 0:03:36]} 80. Qd3+ {[%clk 0:02:57]} Kc1 {[%clk
0:04:06]} 81. Qe2 {[%clk 0:02:57]} Qc3 {[%clk 0:04:36]} 82. Ke7 {[%clk 0:02:57]}
Qc7+ {[%clk 0:05:06]} 83. Ke6 {[%clk 0:02:57]} Qc8+ {[%clk 0:05:36]} 84. Kd5
{[%clk 0:02:57]} Qd8+ {[%clk 0:06:06]} 85. Kc4 {[%clk 0:02:57]} Qc7+ {[%clk
0:06:36]} 86. Kd3 {[%clk 0:02:57]} Qd6+ {[%clk 0:07:06]} 87. Ke4 {[%clk 0:02:57]}
Qb4+ {[%clk 0:07:36]} 0-1

[Event "Campeonato España Sub 16"]
[Site "Salobreña"]
[Date "2017.07.28"]
[Round "7"]
[White "Rodriguez Lopez, David"]
[Black "Garcia Gimenez, Santiago"]
[Result "0-1"]
[Board "18"]
[WhiteClock "1:30"]
[WhiteElo "1923"]
[WhiteCountry "ESP"]
[WhiteFideId "32005830"]
[WhiteEloChange "-6"]
[BlackClock "1:30"]
[BlackElo "2064"]
[BlackCountry "ESP"]
[BlackFideId "32063350"]
[BlackEloChange "6"]

1. e4 {[%clk 1:30:00]} e5 {[%clk 1:30:00]} 2. Nf3 {[%clk 1:31:00]} Nc6 {[%clk
1:30:00]} 3. Bb5 {[%clk 1:31:00]} a6 {[%clk 1:30:00]} 4. Ba4 {[%clk 1:32:00]} Nf6
{[%clk 1:30:00]} 5. d3 {[%clk 1:32:00]} b5 {[%clk 1:31:00]} 6. Bb3 {[%clk
1:32:00]} d6 {[%clk 1:31:00]} 7. c3 {[%clk 1:33:00]} Be7 {[%clk 1:31:00]} 8. O-O
{[%clk 1:33:00]} O-O {[%clk 1:32:00]} 9. Nbd2 {[%clk 1:33:00]} Na5 {[%clk
1:31:00]} 10. Bc2 {[%clk 1:33:00]} c5 {[%clk 1:31:00]} 11. Re1 {[%clk 1:33:00]}
Nc6 {[%clk 1:31:00]} 12. Nf1 {[%clk 1:33:00]} Re8 {[%clk 1:26:00]} 13. h3 {[%clk
1:32:00]} Bf8 {[%clk 1:26:00]} 14. Bg5 {[%clk 1:33:00]} g6 {[%clk 1:23:00]} 15.
a4 {[%clk 1:31:00]} Bb7 {[%clk 1:24:00]} 16. axb5 {[%clk 1:30:00]} axb5 {[%clk
1:24:00]} 17. Rxa8 {[%clk 1:31:00]} Bxa8 {[%clk 1:24:00]} 18. Ne3 {[%clk
1:31:00]} h6 {[%clk 1:21:00]} 19. Bh4 {[%clk 1:30:00]} Be7 {[%clk 1:21:00]} 20.
Qd2 {[%clk 1:27:00]} h5 {[%clk 1:05:00]} 21. Bb3 {[%clk 1:13:00]} Nxe4 {[%clk
0:53:00]} 22. dxe4 {[%clk 1:13:00]} Bxh4 {[%clk 0:54:00]} 23. Nxh4 {[%clk
1:13:00]} Qxh4 {[%clk 0:54:00]} 24. Qxd6 {[%clk 1:13:00]} c4 {[%clk 0:55:00]} 25.
Bc2 {[%clk 1:10:00]} Rd8 {[%clk 0:55:00]} 26. Qa3 {[%clk 1:08:00]} Ne7 {[%clk
0:54:00]} 27. g3 {[%clk 1:07:00]} Qf6 {[%clk 0:54:00]} 28. Rd1 {[%clk 1:06:00]}
Rxd1+ {[%clk 0:54:00]} 29. Nxd1 {[%clk 1:06:00]} Bc6 {[%clk 0:54:00]} 30. Ne3
{[%clk 1:06:00]} Kg7 {[%clk 0:49:00]} 31. Qc5 {[%clk 1:04:00]} Bd7 {[%clk
0:49:00]} 32. g4 {[%clk 0:57:00]} Ng8 {[%clk 0:46:00]} 33. Nd5 {[%clk 0:50:00]}
Qg5 {[%clk 0:46:00]} 34. Qe3 {[%clk 0:48:00]} Qh4 {[%clk 0:45:00]} 35. gxh5
{[%clk 0:44:00]} Qxh5 {[%clk 0:45:00]} 36. Kg2 {[%clk 0:43:00]} Nf6 {[%clk
0:40:00]} 37. Nxf6 {[%clk 0:42:00]} Kxf6 {[%clk 0:41:00]} 38. b4 {[%clk 0:37:00]}
Kg7 {[%clk 0:40:00]} 39. Qf3 {[%clk 0:26:00]} Qh6 {[%clk 0:38:00]} 40. Qe3 {[%clk
0:23:00]} Qh5 {[%clk 0:38:00]} 41. Qf3 {[%clk 0:23:00]} Qxf3+ {[%clk 0:38:00]}
42. Kxf3 {[%clk 0:24:00]} Bxh3 {[%clk 0:39:00]} 43. Kg3 {[%clk 0:23:00]} Be6
{[%clk 0:39:00]} 44. Bd1 {[%clk 0:22:00]} f6 {[%clk 0:39:00]} 45. f3 {[%clk
0:20:00]} f5 {[%clk 0:37:00]} 46. Be2 {[%clk 0:19:19]} f4+ {[%clk 0:37:00]} 47.
Kf2 {[%clk 0:18:04]} Kh6 {[%clk 0:37:00]} 48. Kg2 {[%clk 0:18:31]} Kg5 {[%clk
0:38:00]} 49. Bf1 {[%clk 0:18:21]} Kh4 {[%clk 0:38:00]} 50. Kf2 {[%clk 0:18:51]}
g5 {[%clk 0:39:00]} 51. Bg2 {[%clk 0:15:51]} g4 {[%clk 0:39:00]} 52. Bf1 {[%clk
0:16:03]} gxf3 {[%clk 0:39:00]} 53. Kxf3 {[%clk 0:16:06]} Bg4+ {[%clk 0:39:00]}
54. Kf2 {[%clk 0:16:25]} f3 {[%clk 0:39:00]} 0-1

[Event "Campeonato España Sub 16"]
[Site "Salobreña"]
[Date "2017.07.28"]
[Round "7"]
[White "Garcia Jimenez, Santiago"]
[Black "Sanchez Serrano, Emilio"]
[Result "1/2-1/2"]
[Board "19"]
[WhiteClock "1:30"]
[WhiteElo "2040"]
[WhiteCountry "ESP"]
[WhiteFideId "24543241"]
[WhiteEloChange "-3"]
[BlackClock "1:30"]
[BlackElo "1928"]
[BlackCountry "ESP"]
[BlackFideId "32051174"]
[BlackEloChange "3"]

1. e4 {[%clk 1:30:00]} e6 {[%clk 1:30:00]} 2. d4 {[%clk 1:31:00]} d5 {[%clk
1:31:00]} 3. Bd3 {[%clk 1:31:00]} c5 {[%clk 1:31:00]} 4. exd5 {[%clk 1:31:00]}
exd5 {[%clk 1:32:00]} 5. Nf3 {[%clk 1:31:00]} c4 {[%clk 1:31:00]} 6. Be2 {[%clk
1:32:00]} Nf6 {[%clk 1:31:00]} 7. O-O {[%clk 1:31:00]} Bf5 {[%clk 1:28:00]} 8. b3
{[%clk 1:31:00]} cxb3 {[%clk 1:28:00]} 9. axb3 {[%clk 1:31:00]} Nc6 {[%clk
1:28:00]} 10. c4 {[%clk 1:27:00]} Be7 {[%clk 1:24:00]} 11. Ne5 {[%clk 1:18:00]}
O-O {[%clk 1:11:00]} 12. Nxc6 {[%clk 1:16:00]} bxc6 {[%clk 1:11:00]} 13. c5
{[%clk 1:16:00]} a5 {[%clk 1:01:00]} 14. f3 {[%clk 1:08:00]} Qc7 {[%clk 0:58:00]}
15. Nc3 {[%clk 1:06:00]} Rfb8 {[%clk 0:57:00]} 16. Na4 {[%clk 1:03:00]} Nd7
{[%clk 0:56:00]} 17. g3 {[%clk 0:54:00]} Rb4 {[%clk 0:51:00]} 18. Ba3 {[%clk
0:49:00]} Rb7 {[%clk 0:49:00]} 19. Bb2 {[%clk 0:45:00]} Bf6 {[%clk 0:43:00]} 20.
Bc3 {[%clk 0:43:00]} h5 {[%clk 0:40:00]} 21. Kg2 {[%clk 0:41:00]} g6 {[%clk
0:38:00]} 22. Ra3 {[%clk 0:33:00]} Qb8 {[%clk 0:36:00]} 23. Rf2 {[%clk 0:32:00]}
Kg7 {[%clk 0:33:00]} 24. Nb2 {[%clk 0:25:00]} Nxc5 {[%clk 0:31:00]} 25. dxc5
{[%clk 0:19:13]} Bxc3 {[%clk 0:31:00]} 26. Na4 {[%clk 0:18:27]} Bb4 {[%clk
0:30:00]} 27. Ra2 {[%clk 0:16:35]} Qe5 {[%clk 0:28:00]} 28. Bf1 {[%clk 0:15:25]}
Raa7 {[%clk 0:22:00]} 29. Rae2 {[%clk 0:11:52]} Qb8 {[%clk 0:22:00]} 30. Qd4+
{[%clk 0:11:03]} f6 {[%clk 0:20:00]} 31. g4 {[%clk 0:11:03]} 1/2-1/2

[Event "Campeonato España Sub 16"]
[Site "Salobreña"]
[Date "2017.07.28"]
[Round "7"]
[White "Sosa Suarez, Carla Cristina"]
[Black "Redondo Benavente, Ana"]
[Result "0-1"]
[Board "20"]
[WhiteClock "1:30"]
[WhiteElo "1911"]
[WhiteCountry "ESP"]
[WhiteFideId "24536350"]
[WhiteEloChange "-7"]
[BlackClock "1:30"]
[BlackTitle "WFM"]
[BlackElo "2026"]
[BlackCountry "ESP"]
[BlackFideId "32021674"]
[BlackEloChange "7"]

1. e4 {[%clk 1:30:00]} e5 {[%clk 1:30:00]} 2. Nf3 {[%clk 1:31:00]} Nc6 {[%clk
1:31:00]} 3. Bc4 {[%clk 1:31:00]} Bc5 {[%clk 1:31:00]} 4. c3 {[%clk 1:32:00]} Nf6
{[%clk 1:31:00]} 5. b4 {[%clk 1:32:00]} Be7 {[%clk 1:31:00]} 6. d3 {[%clk
1:32:00]} O-O {[%clk 1:31:00]} 7. Nbd2 {[%clk 1:30:00]} d5 {[%clk 1:30:00]} 8.
exd5 {[%clk 1:31:00]} Nxd5 {[%clk 1:30:00]} 9. Ne4 {[%clk 1:29:00]} Nb6 {[%clk
1:26:00]} 10. Bb3 {[%clk 1:25:00]} a6 {[%clk 1:22:00]} 11. O-O {[%clk 1:23:00]}
Bg4 {[%clk 1:20:00]} 12. h3 {[%clk 1:20:00]} Bh5 {[%clk 1:19:00]} 13. Re1 {[%clk
1:18:00]} Kh8 {[%clk 1:18:00]} 14. Bb2 {[%clk 1:10:00]} f5 {[%clk 1:17:00]} 15.
Ng3 {[%clk 1:10:00]} Bxf3 {[%clk 1:16:00]} 16. Qxf3 {[%clk 1:10:00]} Qd7 {[%clk
1:16:00]} 17. Rad1 {[%clk 1:06:00]} Rae8 {[%clk 1:16:00]} 18. a4 {[%clk 1:04:00]}
Bd6 {[%clk 1:13:00]} 19. a5 {[%clk 0:50:00]} Nc8 {[%clk 1:13:00]} 20. Ba4 {[%clk
0:48:00]} N8e7 {[%clk 1:10:00]} 21. h4 {[%clk 0:31:00]} Ng6 {[%clk 1:06:00]} 22.
Nh5 {[%clk 0:27:00]} f4 {[%clk 0:54:00]} 23. Kh2 {[%clk 0:15:28]} Qf5 {[%clk
0:49:00]} 24. Rh1 {[%clk 0:11:01]} Nxh4 {[%clk 0:48:00]} 25. Qe4 {[%clk 0:10:00]}
Qxh5 {[%clk 0:46:00]} 26. Kg1 {[%clk 0:10:25]} Qg5 {[%clk 0:44:00]} 27. Bc1
{[%clk 0:08:38]} Re6 {[%clk 0:43:00]} 28. Bc2 {[%clk 0:07:43]} Rg6 {[%clk
0:42:00]} 29. d4 {[%clk 0:07:31]} Qxg2+ {[%clk 0:38:00]} 30. Qxg2 {[%clk
0:07:49]} Rxg2+ {[%clk 0:39:00]} 31. Kf1 {[%clk 0:08:06]} Rg4 {[%clk 0:34:00]}
32. f3 {[%clk 0:05:58]} Nxf3 {[%clk 0:32:00]} 33. Rxh7+ {[%clk 0:03:14]} Kg8
{[%clk 0:33:00]} 34. Kf2 {[%clk 0:02:04]} Rh4 {[%clk 0:29:00]} 35. Rh1 {[%clk
0:00:55]} Rxh1 {[%clk 0:29:00]} 36. Rxh1 {[%clk 0:01:21]} Ng5 {[%clk 0:26:00]}
37. Bb3+ {[%clk 0:01:30]} Nf7 {[%clk 0:27:00]} 38. Be6 {[%clk 0:01:03]} g6 {[%clk
0:26:00]} 39. dxe5 {[%clk 0:00:56]} Bxe5 {[%clk 0:27:00]} 40. Kf3 {[%clk
0:00:49]} Kg7 {[%clk 0:27:00]} 0-1

[Event "Campeonato España Sub 16"]
[Site "Salobreña"]
[Date "2017.07.28"]
[Round "7"]
[White "Sobrino Forte, Alvaro"]
[Black "Lopez Mijail, Nicolas"]
[Result "1-0"]
[Board "21"]
[WhiteClock "n/a"]
[WhiteElo "2003"]
[WhiteCountry "ESP"]
[WhiteFideId "24549495"]
[WhiteEloChange "8"]
[BlackClock "n/a"]
[BlackElo "1923"]
[BlackCountry "ESP"]
[BlackFideId "24513407"]
[BlackEloChange "-8"]

1. e4 {[%clk 1:30:30]} c5 {[%clk 1:30:30]} 2. Nf3 {[%clk 1:30:30]} e6 {[%clk
1:30:30]} 3. d4 {[%clk 1:30:30]} cxd4 {[%clk 1:30:30]} 4. Nxd4 {[%clk 1:30:30]}
Nc6 {[%clk 1:30:30]} 5. Nc3 {[%clk 1:30:30]} Qc7 {[%clk 1:30:30]} 6. Qd3 {[%clk
1:30:30]} Nf6 {[%clk 1:30:30]} 7. Nxc6 {[%clk 1:30:30]} dxc6 {[%clk 1:30:30]} 8.
Qg3 {[%clk 1:30:30]} Qxg3 {[%clk 1:30:30]} 9. hxg3 {[%clk 1:30:30]} e5 {[%clk
1:30:30]} 10. f3 {[%clk 1:30:30]} Be6 {[%clk 1:30:30]} 11. Be3 {[%clk 1:30:30]}
Be7 {[%clk 1:30:30]} 12. Kf2 {[%clk 1:30:30]} O-O {[%clk 1:30:30]} 13. a4 {[%clk
1:30:30]} Nd7 {[%clk 1:30:30]} 14. a5 {[%clk 1:30:30]} b6 {[%clk 1:30:30]} 15.
Be2 {[%clk 1:30:30]} Rfd8 {[%clk 1:30:30]} 16. g4 {[%clk 1:30:30]} f6 {[%clk
1:30:30]} 17. Rhd1 {[%clk 1:30:30]} b5 {[%clk 1:30:30]} 18. a6 {[%clk 1:30:30]}
Bc5 {[%clk 1:30:30]} 19. Bxc5 {[%clk 1:30:30]} Nxc5 {[%clk 1:30:30]} 20. b4
{[%clk 1:30:30]} Rxd1 {[%clk 1:30:30]} 21. Nxd1 {[%clk 1:30:30]} Nd7 {[%clk
1:30:30]} 22. Ne3 {[%clk 1:30:30]} Nb6 {[%clk 1:30:30]} 23. Rd1 {[%clk 1:30:30]}
Kf7 {[%clk 1:30:30]} 24. g3 {[%clk 1:30:30]} Ke7 {[%clk 1:30:30]} 25. Rc1 {[%clk
1:30:30]} Rb8 {[%clk 1:30:30]} 26. Nf5+ {[%clk 1:30:30]} Bxf5 {[%clk 1:30:30]}
27. gxf5 {[%clk 1:30:30]} Kd6 {[%clk 1:30:30]} 28. Ke3 {[%clk 1:30:30]} Nc4+
{[%clk 1:30:30]} 29. Kd3 {[%clk 1:30:30]} c5 {[%clk 1:30:30]} 30. Kc3 {[%clk
1:30:30]} Kc6 {[%clk 1:30:30]} 31. Bxc4 {[%clk 1:30:30]} bxc4 {[%clk 1:30:30]}
32. bxc5 {[%clk 1:30:30]} Kxc5 {[%clk 1:30:30]} 33. Rd1 {[%clk 1:30:30]} Rb6
{[%clk 1:30:30]} 34. Rd7 {[%clk 1:30:30]} Rxa6 {[%clk 1:30:30]} 35. Rc7+ {[%clk
1:30:30]} Kb5 {[%clk 1:30:30]} 36. Kb2 {[%clk 1:30:30]} c3+ {[%clk 1:30:30]} 37.
Kb3 {[%clk 1:30:30]} Ra1 {[%clk 1:30:30]} 38. Rxg7 {[%clk 1:30:30]} Rf1 {[%clk
1:30:30]} 39. Rxa7 {[%clk 1:30:30]} Rxf3 {[%clk 1:30:30]} 40. Rf7 {[%clk
1:30:30]} Kc5 {[%clk 1:30:30]} 41. Rxf6 {[%clk 1:30:30]} Kd4 {[%clk 1:30:30]} 42.
g4 {[%clk 1:30:30]} Kxe4 {[%clk 1:30:30]} 43. Rh6 {[%clk 1:30:30]} Kf4 {[%clk
1:30:30]} 44. Rxh7 {[%clk 1:30:30]} Kxg4 {[%clk 1:30:30]} 45. f6 {[%clk 1:30:30]}
e4 {[%clk 1:30:30]} 46. Re7 {[%clk 1:30:30]} Rf4 {[%clk 1:30:30]} 47. f7 {[%clk
1:30:30]} Kf3 {[%clk 1:30:30]} 48. Kxc3 {[%clk 1:30:30]} e3 {[%clk 1:30:30]} 49.
Kd3 {[%clk 1:30:30]} e2 {[%clk 1:30:30]} 50. Rxe2 {[%clk 1:30:30]} Rxf7 {[%clk
1:30:30]} 51. Re8 {[%clk 1:30:30]} Rd7+ {[%clk 1:30:30]} 52. Kc3 {[%clk 1:30:30]}
Rc7+ {[%clk 1:30:30]} 53. Kb2 {[%clk 1:30:30]} Kf4 {[%clk 1:30:30]} 54. Re1
{[%clk 1:30:30]} Rb7+ {[%clk 1:30:30]} 55. Ka3 {[%clk 1:30:30]} Rc7 {[%clk
1:30:30]} 56. Rc1 {[%clk 1:30:30]} Ke5 {[%clk 1:30:30]} 57. c4 {[%clk 1:30:30]}
Rb7 {[%clk 1:30:30]} 58. Rd1 {[%clk 1:30:30]} Ke6 {[%clk 1:30:30]} 59. Ka4 {[%clk
1:30:30]} Rb8 {[%clk 1:30:30]} 60. c5 {[%clk 1:30:30]} Rb2 {[%clk 1:30:30]} 61.
c6 {[%clk 1:30:30]} Rc2 {[%clk 1:30:30]} 62. Kb5 {[%clk 1:30:30]} Ke7 {[%clk
1:30:30]} 63. Rd4 {[%clk 1:30:30]} Rb2+ {[%clk 1:30:30]} 64. Ka6 {[%clk 1:30:30]}
Rc2 {[%clk 1:30:30]} 65. Kb7 {[%clk 1:30:30]} Rb2+ {[%clk 1:30:30]} 66. Kc8
{[%clk 1:30:30]} Rb1 {[%clk 1:30:30]} 67. Rd7+ {[%clk 1:30:30]} Ke8 {[%clk
1:30:30]} 68. Rb7 {[%clk 1:30:30]} Ra1 {[%clk 1:30:30]} 69. Kb8 {[%clk 1:30:30]}
Rc1 {[%clk 1:30:30]} 70. c7 {[%clk 1:30:30]} Kd7 {[%clk 1:30:30]} 71. c8Q+ {[%clk
1:30:30]} 1-0

[Event "Campeonato España Sub 16"]
[Site "Salobreña"]
[Date "2017.07.28"]
[Round "7"]
[White "Bono Monreal, Alberto"]
[Black "Perez Perez , Gabriel"]
[Result "0-1"]
[Board "22"]
[WhiteClock "1:30"]
[WhiteElo "1837"]
[WhiteCountry "ESP"]
[WhiteFideId "32029845"]
[WhiteEloChange "-6"]
[BlackClock "1:30"]
[BlackElo "2000"]
[BlackCountry "ESP"]
[BlackFideId "32089147"]
[BlackEloChange "6"]

1. e4 {[%clk 1:30:00]} c5 {[%clk 1:30:00]} 2. c3 {[%clk 1:31:00]} g6 {[%clk
1:31:00]} 3. d4 {[%clk 1:31:00]} cxd4 {[%clk 1:31:00]} 4. cxd4 {[%clk 1:32:00]}
d5 {[%clk 1:32:00]} 5. e5 {[%clk 1:32:00]} Bg7 {[%clk 1:32:00]} 6. Nc3 {[%clk
1:32:00]} Nc6 {[%clk 1:33:00]} 7. Bb5 {[%clk 1:32:00]} Nh6 {[%clk 1:32:00]} 8.
Bf4 {[%clk 1:33:00]} O-O {[%clk 1:31:00]} 9. Qd2 {[%clk 1:33:00]} Nf5 {[%clk
1:32:00]} 10. Nf3 {[%clk 1:34:00]} e6 {[%clk 1:19:00]} 11. O-O {[%clk 1:30:00]}
Bd7 {[%clk 1:16:00]} 12. Rac1 {[%clk 1:25:00]} Qb6 {[%clk 1:11:00]} 13. Rfd1
{[%clk 1:21:00]} Rac8 {[%clk 1:01:00]} 14. Bg5 {[%clk 1:02:00]} h6 {[%clk
0:56:00]} 15. Bf4 {[%clk 1:01:00]} Kh7 {[%clk 0:55:00]} 16. g4 {[%clk 0:59:00]}
Nfe7 {[%clk 0:54:00]} 17. Qe2 {[%clk 0:59:00]} Qd8 {[%clk 0:46:00]} 18. h4 {[%clk
0:54:00]} Nb4 {[%clk 0:41:00]} 19. Bd3 {[%clk 0:37:00]} Nxd3 {[%clk 0:41:00]} 20.
Qxd3 {[%clk 0:36:00]} a6 {[%clk 0:40:00]} 21. Kg2 {[%clk 0:36:00]} Rh8 {[%clk
0:36:00]} 22. Rh1 {[%clk 0:30:00]} Kg8 {[%clk 0:36:00]} 23. Nd2 {[%clk 0:30:00]}
Bf8 {[%clk 0:32:00]} 24. Qe3 {[%clk 0:27:00]} Rh7 {[%clk 0:27:00]} 25. h5 {[%clk
0:25:00]} g5 {[%clk 0:27:00]} 26. Bg3 {[%clk 0:22:00]} Nc6 {[%clk 0:27:00]} 27.
Nb3 {[%clk 0:20:00]} Be7 {[%clk 0:24:00]} 28. Rhf1 {[%clk 0:20:00]} Be8 {[%clk
0:24:00]} 29. f3 {[%clk 0:20:00]} b5 {[%clk 0:20:00]} 30. Ne2 {[%clk 0:17:56]}
Rg7 {[%clk 0:18:55]} 31. Be1 {[%clk 0:16:06]} Ra8 {[%clk 0:17:43]} 32. Nc5 {[%clk
0:15:14]} Ra7 {[%clk 0:16:39]} 33. Bd2 {[%clk 0:15:36]} a5 {[%clk 0:16:44]} 34.
Nc3 {[%clk 0:12:02]} Bxc5 {[%clk 0:16:45]} 35. Nxb5 {[%clk 0:11:36]} Bb6 {[%clk
0:14:36]} 36. Nxa7 {[%clk 0:11:08]} Bxa7 {[%clk 0:14:35]} 37. Bc3 {[%clk
0:10:57]} f6 {[%clk 0:14:17]} 38. exf6 {[%clk 0:08:12]} Qxf6 {[%clk 0:14:44]} 39.
Rfd1 {[%clk 0:08:36]} Re7 {[%clk 0:14:28]} 40. Qe2 {[%clk 0:08:39]} Nxd4 {[%clk
0:12:24]} 41. Bxd4 {[%clk 0:07:26]} Bxd4 {[%clk 0:12:52]} 42. Rc8 {[%clk
0:07:48]} Be5 {[%clk 0:08:54]} 43. Qb5 {[%clk 0:08:01]} Kf7 {[%clk 0:08:58]} 44.
Qxa5 {[%clk 0:08:06]} Qf4 {[%clk 0:09:07]} 45. Qe1 {[%clk 0:05:00]} Qh2+ {[%clk
0:09:35]} 46. Kf1 {[%clk 0:05:21]} Bb5+ {[%clk 0:09:35]} 0-1

[Event "Campeonato España Sub 16"]
[Site "Salobreña"]
[Date "2017.07.28"]
[Round "7"]
[White "Sama Salinas, Alejandro"]
[Black "Jausas Lopez, Andrea"]
[Result "1/2-1/2"]
[Board "23"]
[WhiteClock "1:30"]
[WhiteElo "2000"]
[WhiteCountry "ESP"]
[WhiteFideId "32086318"]
[WhiteEloChange "-3"]
[BlackClock "1:30"]
[BlackElo "1878"]
[BlackCountry "ESP"]
[BlackFideId "22274901"]
[BlackEloChange "3"]

1. d4 {[%clk 1:30:00]} d5 {[%clk 1:30:00]} 2. Nf3 {[%clk 1:31:00]} Nf6 {[%clk
1:29:00]} 3. e3 {[%clk 1:31:00]} c5 {[%clk 1:27:00]} 4. Nbd2 {[%clk 1:30:00]} Nc6
{[%clk 1:25:00]} 5. Bd3 {[%clk 1:24:00]} Bg4 {[%clk 1:24:00]} 6. c3 {[%clk
1:22:00]} e6 {[%clk 1:24:00]} 7. Qa4 {[%clk 1:17:00]} Bxf3 {[%clk 1:17:00]} 8.
Nxf3 {[%clk 1:17:00]} c4 {[%clk 1:15:00]} 9. Bb1 {[%clk 1:16:00]} a6 {[%clk
1:15:00]} 10. Ne5 {[%clk 1:07:00]} b5 {[%clk 1:12:00]} 11. Nxc6 {[%clk 1:06:00]}
Qc7 {[%clk 1:11:00]} 12. Qd1 {[%clk 1:00:00]} Qxc6 {[%clk 1:11:00]} 13. O-O
{[%clk 0:57:00]} Be7 {[%clk 1:09:00]} 14. f3 {[%clk 0:50:00]} a5 {[%clk 1:06:00]}
15. Qe2 {[%clk 0:48:00]} O-O {[%clk 0:46:00]} 16. e4 {[%clk 0:45:00]} dxe4 {[%clk
0:37:00]} 17. fxe4 {[%clk 0:41:00]} e5 {[%clk 0:36:00]} 18. d5 {[%clk 0:39:00]}
Qb6+ {[%clk 0:36:00]} 19. Kh1 {[%clk 0:38:00]} Nd7 {[%clk 0:35:00]} 20. Bc2
{[%clk 0:32:00]} Rac8 {[%clk 0:33:00]} 21. Rf3 {[%clk 0:29:00]} Rfd8 {[%clk
0:18:58]} 22. Bd2 {[%clk 0:24:00]} b4 {[%clk 0:14:51]} 23. Raf1 {[%clk 0:23:00]}
Nf6 {[%clk 0:13:08]} 24. g4 {[%clk 0:19:12]} Rf8 {[%clk 0:08:39]} 25. Ba4 {[%clk
0:13:07]} Rc7 {[%clk 0:07:48]} 26. g5 {[%clk 0:12:55]} Nd7 {[%clk 0:07:54]} 27.
Bxd7 {[%clk 0:12:39]} Rxd7 {[%clk 0:08:17]} 28. Qxc4 {[%clk 0:12:01]} Rc7 {[%clk
0:07:58]} 29. Qe2 {[%clk 0:10:44]} bxc3 {[%clk 0:08:02]} 30. Bxc3 {[%clk
0:10:59]} Bxg5 {[%clk 0:07:16]} 31. Bxe5 {[%clk 0:10:40]} Re7 {[%clk 0:07:16]}
32. Bf4 {[%clk 0:09:36]} Bxf4 {[%clk 0:06:36]} 33. Rxf4 {[%clk 0:09:55]} Rfe8
{[%clk 0:06:10]} 34. Qf3 {[%clk 0:08:41]} f6 {[%clk 0:05:37]} 35. Qg2 {[%clk
0:06:33]} Kh8 {[%clk 0:04:30]} 36. Re1 {[%clk 0:05:41]} Qd6 {[%clk 0:04:39]} 37.
Rf2 {[%clk 0:05:28]} Qe5 {[%clk 0:03:32]} 38. Rfe2 {[%clk 0:05:52]} Qd4 {[%clk
0:03:06]} 39. Qg1 {[%clk 0:05:35]} Qa4 {[%clk 0:03:03]} 40. b3 {[%clk 0:05:21]}
Qb4 {[%clk 0:03:28]} 41. Qg2 {[%clk 0:05:15]} Re5 {[%clk 0:03:09]} 42. Qf3 {[%clk
0:04:29]} f5 {[%clk 0:02:52]} 43. d6 {[%clk 0:04:29]} 1/2-1/2